Tortured for Christ / (Record no. 6398)

MARC details
000 -LEADER
fixed length control field 00530nam a22001817a 4500
003 - CONTROL NUMBER IDENTIFIER
control field GBCCL
005 - DATE AND TIME OF LATEST TRANSACTION
control field 20241126110602.0
008 - FIXED-LENGTH DATA ELEMENTS--GENERAL INFORMATION
fixed length control field 180511b ||||| |||| 00| 0 eng d
040 ## - CATALOGING SOURCE
Transcribing agency gbc
082 ## - DEWEY DECIMAL CLASSIFICATION NUMBER
Classification number 272.9092
Item number WUR
100 ## - MAIN ENTRY--PERSONAL NAME
Personal name Wurmbrand, Richard
9 (RLIN) 5052
245 ## - TITLE STATEMENT
Title Tortured for Christ /
Statement of responsibility, etc. Richard Wurmbrand
260 ## - PUBLICATION, DISTRIBUTION, ETC.
Name of publisher, distributor, etc. P.P. Job for Love in Action Society
Place of publication, distribution, etc. New Delhi:
300 ## - PHYSICAL DESCRIPTION
Extent 113 p.;
Dimensions 21 cm.
650 ## - SUBJECT ADDED ENTRY--TOPICAL TERM
Topical term or geographic name entry element Wurmbrand, Richard
9 (RLIN) 11461
650 ## - SUBJECT ADDED ENTRY--TOPICAL TERM
Topical term or geographic name entry element Political prisoners
Form subdivision Romania
General subdivision Biography
9 (RLIN) 11454
942 ## - ADDED ENTRY ELEMENTS (KOHA)
Source of classification or shelving scheme Dewey Decimal Classification
Koha item type Books
Holdings
Withdrawn status Lost status Source of classification or shelving scheme Damaged status Not for loan Home library Current Library Shelving location Date acquired Total checkouts Full call number Barcode Date last seen Copy number Price effective from Koha item type
    Dewey Decimal Classification     GRACE BIBLE COLLEGE GRACE BIBLE COLLEGE Church History 2018-05-11   272.9092 WUR 002051 2025-05-01 c.1 2018-05-11 Books
    Dewey Decimal Classification     GRACE BIBLE COLLEGE GRACE BIBLE COLLEGE Church History 2018-05-11   272.9092 WUR 002054 2025-05-01 c.2 2018-05-11 Books
    Dewey Decimal Classification     GRACE BIBLE COLLEGE GRACE BIBLE COLLEGE Church History 2018-05-11   272.9092 WUR 002055 2025-05-01 c.3 2018-05-11 Books
© Grace Bible College Library 2025